000 03690cam a22004695i 4500
001 11686041
005 20180926093739.0
006 m d
007 cr n
008 151029s2015 gw | s |||| 0|eng d
020 _a9783319242804
020 _a9783319242781 (print)
024 7 _a10.1007/978-3-319-24280-4
_2doi
035 _a(WaSeSS)ssj0001584294
040 _dWaSeSS
050 4 _aQA76.6-76.66
072 7 _aUM
_2bicssc
072 7 _aCOM051000
_2bisacsh
082 0 4 _a005.11
_223
100 1 _aDathan, Brahma.
_eauthor.
210 1 0 _aObject-Oriented Analysis, Design and Implementation
245 1 0 _aObject-Oriented Analysis, Design and Implementation
_h[electronic resource] :
_bAn Integrated Approach
_cby Brahma Dathan, Sarnath Ramnath.
250 _a2nd ed.
260 _aNew York
_bSpringer
_c2015
490 1 _aUndergraduate Topics in Computer Science,
_x1863-7310
505 0 _aPreface to the Second Edition -- Preface to the First Edition -- Part I: Basic Object-Oriented Concepts -- Introduction -- Basics of Object-Oriented Programming -- Relationships Between Classes -- Language Features for Object-Oriented Implementation -- Part II: Introduction to Object-Oriented Analysis, Design, Implementation and Refactoring -- Elementary Design Patterns -- Analysing a System -- Design and Implementation -- How ‘Object-Oriented’ is Our Design? -- Part III: Advanced Concepts in Object-Oriented Design -- Exploring Inheritance -- Modelling with Finite State Machines -- Interactive Systems and the MVC Architecture -- Designing with Distributed Objects -- The Unified Modelling Language -- Appendix A.-Index.
506 _aLicense restrictions may limit access.
520 _aThe second edition of this textbook includes revisions based on the feedback on the first edition. In a new chapter the authors provide a concise introduction to the remainder of UML diagrams, adopting the same holistic approach as the first edition.  Using a case-study-based approach for providing a comprehensive introduction to the principles of object-oriented design, it includes: A sound footing on object-oriented concepts such as classes, objects, interfaces, inheritance, polymorphism, dynamic linking, etc. A good introduction to the stage of requirements analysis Use of UML to document user requirements and design An extensive treatment of the design process Coverage of implementation issues Appropriate use of design and architectural patterns Introduction to the art and craft of refactoring Pointers to resources that further the reader's knowledge The focus of the book is on implementation aspects, without which the learning is incomplete. This is achieved through the use of case studies for introducing the various concepts of analysis and design, ensuring that the theory is never separate from the implementation aspects. All the main case studies used in this book have been implemented by the authors using Java. An appendix on Java provides a useful short tutorial on the language.
650 0 _aComputer science.
650 0 _aComputer programming.
650 1 4 _aComputer Science.
650 2 4 _aProgramming Techniques.
700 1 _aRamnath, Sarnath.
_eauthor.
710 2 _aSpringerLink (Online service)
773 0 _tSpringer eBooks
773 0 _tSpringerLINK ebooks - Computer Science (2015)
776 0 8 _iPrinted edition:
_z9783319242781
830 0 _aUndergraduate Topics in Computer Science,
856 4 0 _uhttp://www.columbia.edu/cgi-bin/cul/resolve?clio11686041
_zFull text available from SpringerLINK ebooks - Computer Science (2015)
910 _aVendor-generated brief record
942 _2ddc
_cBK
999 _c490546
_d490546